Curso de lingüística general (Registro nro. 4372)
[ vista simple ]
| 000 -CABECERA | |
|---|---|
| campo de control de longitud fija | 01607nam a2200409 b 4500 |
| 001 - NÚMERO DE CONTROL | |
| campo de control | Mimo0002273534 |
| 003 - IDENTIFICADOR DEL NÚMERO DE CONTROL | |
| campo de control | SpMaBN |
| 005 - FECHA Y HORA DE LA ÚLTIMA TRANSACCIÓN | |
| campo de control | 20190318163234.0 |
| 008 - DATOS DE LONGITUD FIJA--INFORMACIÓN GENERAL | |
| campo de control de longitud fija | 070920s2007 ag | ||| ||spa |
| 015 ## - NÚMERO DE BIBLIOGRAFÍA NACIONAL | |
| Número de bibliografía nacional | MON0709-57817 |
| 016 7# - NÚMERO DE CONTROL DE UNA AGENCIA BIBLIOGRÁFICA NACIONAL | |
| Número de control del registro | bimoBNE20070639963 |
| Fuente | SpMaBN |
| 017 ## - NÚMERO DE COPYRIGHT O DE DEPÓSITO LEGAL | |
| Número de copyright o de depósito legal | B 18247-2007 |
| Agencia que asigna | Oficina Depósito Legal Barcelona |
| 020 ## - NÚMERO INTERNACIONAL ESTÁNDAR DEL LIBRO | |
| Número Internacional Estándar del Libro | 9789500393805 |
| 035 ## - NÚMERO DE CONTROL DEL SISTEMA | |
| Número de control de sistema | (OCoLC)434530477 |
| 040 ## - FUENTE DE LA CATALOGACIÓN | |
| Centro catalogador/agencia de origen | SpMaBN |
| Lengua de catalogación | spa |
| Centro/agencia transcriptor | AR-RoIUNI |
| 041 1# - CÓDIGO DE LENGUA | |
| Código de lengua del texto/banda sonora o título independiente | spa |
| Código de lengua original | fre |
| 044 ## - CÓDIGO DEL PAÍS DE LA ENTIDAD EDITORA/PRODUCTORA | |
| Código MARC del país | arg |
| -- | esp |
| 080 #0 - NÚMERO DE LA CLASIFICACIÓN DECIMAL UNIVERSAL | |
| Número de la Clasificación Decimal Universal | 81 |
| 100 1# - ENTRADA PRINCIPAL--NOMBRE DE PERSONA | |
| Nombre de persona | Saussure, Ferdinand de |
| Fechas asociadas al nombre | 1857-1913 |
| 240 10 - TÍTULO UNIFORME | |
| Título uniforme | <a href="Cours de linguistique générale">Cours de linguistique générale</a> |
| Lenguaje de la obra | Español |
| 245 10 - MENCIÓN DE TÍTULO | |
| Título | Curso de lingüística general |
| Medio | [Texto impreso] |
| Mención de responsabilidad, etc. | Ferdinand de Saussure ; publicado por Charles Bally y Albert Séchéhaye con la colaboración de Albert Riedlinger ; traducción, prólogo y notas de Amado Alonso |
| 250 ## - MENCIÓN DE EDICIÓN | |
| Mención de edición | 1ª ed. en Biblioteca de Obras Maestras del Pensamiento, 1ª reimp. |
| 260 ## - PUBLICACIÓN, DISTRIBUCIÓN, ETC. (PIE DE IMPRENTA) | |
| Lugar de publicación, distribución, etc. | Buenos Aires |
| Nombre del editor, distribuidor, etc. | Losada |
| Fecha de publicación, distribución, etc. | 2007 |
| Lugar de fabricación/manufactura | impreso en España |
| 300 ## - DESCRIPCIÓN FÍSICA | |
| Extensión | 424 p. |
| Otras características físicas | il. |
| Dimensiones | 23 cm |
| 440 #0 - MENCIÓN DE SERIE/PUNTO DE ACCESO ADICIONAL--TÍTULO | |
| Título | Biblioteca de obras maestras del pensamiento |
| Designación de volumen o secuencia | 1 |
| 650 #7 - PUNTO DE ACCESO ADICIONAL DE MATERIA--TÉRMINO DE MATERIA | |
| Término de materia o nombre geográfico como elemento inicial | Lingüística |
| Fuente del encabezamiento o término | embne |
| 650 #7 - PUNTO DE ACCESO ADICIONAL DE MATERIA--TÉRMINO DE MATERIA | |
| Término de materia o nombre geográfico como elemento inicial | PSICOLOGIA |
| 9 (RLIN) | 108 |
| 700 1# - PUNTO DE ACCESO ADICIONAL--NOMBRE DE PERSONA | |
| Nombre de persona | Bally, Charles |
| 700 1# - PUNTO DE ACCESO ADICIONAL--NOMBRE DE PERSONA | |
| Nombre de persona | Sechehaye, Albert |
| 700 1# - PUNTO DE ACCESO ADICIONAL--NOMBRE DE PERSONA | |
| Nombre de persona | Riedlinger, Albert |
| 700 1# - PUNTO DE ACCESO ADICIONAL--NOMBRE DE PERSONA | |
| Nombre de persona | Alonso, Amado |
| Fechas asociadas al nombre | 1896-1952 |
| 942 ## - ELEMENTOS DE PUNTO DE ACCESO ADICIONAL (KOHA) | |
| Fuente del sistema de clasificación o colocación | Clasificación Decimal Universal |
| Tipo de ítem Koha | Libros |
| 956 ## - LOCALIZACIÓN Y ACCESO ELECTRÓNICOS LOCAL (OCLC) | |
| Nombre del host | 2 |
| 980 ## - EQUIVALENCIA O REFERENCIA-CRUZADA-MENCIÓN DE SERIE--NOMBRE DE PERSONA/TÍTULO [LOCAL, CANADÁ] | |
| Nombre de persona | B 18247-2007 |
| -- | 978-950-03-9380-5 (ISBN único) |
| -- | M-BN |
| Numeración | BNALCALA |
| Calificador de atribución | 12/452161 |
| Títulos y otros términos asociados al nombre | ALCALA |
| 980 ## - EQUIVALENCIA O REFERENCIA-CRUZADA-MENCIÓN DE SERIE--NOMBRE DE PERSONA/TÍTULO [LOCAL, CANADÁ] | |
| Nombre de persona | B 18247-2007 |
| -- | 978-950-03-9380-5 |
| -- | M-BN |
| Numeración | BNALCALA |
| Subencabezamiento de forma | AHSALA |
| Medio | 81 |
| Títulos y otros términos asociados al nombre | REF_ALCALA |
| 980 ## - EQUIVALENCIA O REFERENCIA-CRUZADA-MENCIÓN DE SERIE--NOMBRE DE PERSONA/TÍTULO [LOCAL, CANADÁ] | |
| Nombre de persona | B 18247-2007 |
| -- | 978-950-03-9380-5 (ISBN único) |
| -- | M-BN |
| Numeración | BNALCALA |
| Calificador de atribución | DL/1589629 |
| Títulos y otros términos asociados al nombre | CONSERVACI |
| Estado de retiro | Estado de pérdida | Fuente del sistema de clasificación o colocación | Estado dañado | Excepción de préstamo | Localización permanente | Ubicación/localización actual | Ubicación en estantería | Fecha de adquisición | Número de inventario | Total de préstamos | Signatura topográfica completa | Código de barras | Fecha visto por última vez | Número de copia | Precio válido a partir de | Tipo de ítem Koha | Nota pública |
|---|---|---|---|---|---|---|---|---|---|---|---|---|---|---|---|---|---|
| Clasificación Decimal Universal | BIBLIOTECA VENADO TUERTO | BIBLIOTECA VENADO TUERTO | BIBLIOTECA VENADO TUERTO | 18/03/2019 | 5087 | 81 SAU | 5087 | 18/03/2019 | 1 | 18/03/2019 | Libros | VENADO TUERTO |

